00566nam a22001937a 450000500170000001000150001702000260003203500140005803700090007208200080008110000170008924500490010625000100015526000510016527000790021630000200029570000270031570000300034220241022124126.0 aENG-142246 a9789391317119c300.00 aEN-125778 bDBAD a954 aVerma, Abhas aMaratha Warriors of Panipat/cby Abhas Verma aFirst bJitendra Anand Infratech Private Limitedc2021 mjaipl3e@gmail.coma2203, Express Trade Towers-2, Sector-132bNoidae201304 a184p.c22cm(pb) aRamasamy, Praveenkumar aShanmugasundaram, Sowmika